| 000 | 00506nam a2200193 i 4500 | ||
|---|---|---|---|
| 001 | 15120 | ||
| 003 | ES-MaACL | ||
| 005 | 20230906151007.0 | ||
| 007 | t| | ||
| 008 | 991222s1999 sp ||||1| spa d | ||
| 020 | _a84-930628-0-4 | ||
| 080 | _a821.134.2-14"19" | ||
| 100 | 1 |
_aPontes, Julia. _993057 |
|
| 245 | 1 | 0 |
_aDel pasar y correr amor / _cJulia Pontes. |
| 250 | _a1ª ed. | ||
| 260 |
_aMadrid : _bEdición Personal, _c1999. |
||
| 300 |
_a68 p. ; _c21 cm. |
||
| 852 |
_aES-MaACL _jL-22325 _bR.127700 |
||
| 999 |
_c15120 _d15120 |
||